<?xml version="1.0" encoding="UTF-8"?>
<record
    xmlns:xsi="http://www.w3.org/2001/XMLSchema-instance"
    xsi:schemaLocation="http://www.loc.gov/MARC21/slim http://www.loc.gov/standards/marcxml/schema/MARC21slim.xsd"
    xmlns="http://www.loc.gov/MARC21/slim">

  <leader>00504nam a2200181   4500</leader>
  <controlfield tag="003">SEACOMEC</controlfield>
  <controlfield tag="005">20250207123934.0</controlfield>
  <controlfield tag="008">240113b        |||||||| |||| 00| 0 eng d</controlfield>
  <datafield tag="020" ind1=" " ind2=" ">
    <subfield code="c">Rs.299.00</subfield>
  </datafield>
  <datafield tag="040" ind1=" " ind2=" ">
    <subfield code="a">SEACOMEC</subfield>
  </datafield>
  <datafield tag="082" ind1=" " ind2=" ">
    <subfield code="a">005.43</subfield>
    <subfield code="b">S782</subfield>
  </datafield>
  <datafield tag="100" ind1=" " ind2=" ">
    <subfield code="a">Stallings, William</subfield>
  </datafield>
  <datafield tag="245" ind1="1" ind2=" ">
    <subfield code="a">Operating system: internal and design principles /</subfield>
    <subfield code="c">William Stallings</subfield>
  </datafield>
  <datafield tag="250" ind1=" " ind2=" ">
    <subfield code="a">5th ed.</subfield>
  </datafield>
  <datafield tag="260" ind1=" " ind2=" ">
    <subfield code="a">Delhi</subfield>
    <subfield code="b">Pearson</subfield>
    <subfield code="c">2005</subfield>
  </datafield>
  <datafield tag="650" ind1=" " ind2=" ">
    <subfield code="a">Computer science,*Systems programming and programs</subfield>
  </datafield>
  <datafield tag="942" ind1=" " ind2=" ">
    <subfield code="c">BOOK</subfield>
  </datafield>
  <datafield tag="952" ind1=" " ind2=" ">
    <subfield code="0">0</subfield>
    <subfield code="1">0</subfield>
    <subfield code="2">ddc</subfield>
    <subfield code="4">0</subfield>
    <subfield code="7">0</subfield>
    <subfield code="a">SEACOMEC</subfield>
    <subfield code="b">SEACOMEC</subfield>
    <subfield code="d">2006-06-05</subfield>
    <subfield code="l">0</subfield>
    <subfield code="o">005.43 S782</subfield>
    <subfield code="p">01586</subfield>
    <subfield code="r">2024-01-13 13:58:32</subfield>
    <subfield code="w">2024-01-13</subfield>
    <subfield code="y">BOOK</subfield>
  </datafield>
  <datafield tag="952" ind1=" " ind2=" ">
    <subfield code="0">0</subfield>
    <subfield code="1">0</subfield>
    <subfield code="2">ddc</subfield>
    <subfield code="4">0</subfield>
    <subfield code="7">0</subfield>
    <subfield code="a">SEACOMEC</subfield>
    <subfield code="b">SEACOMEC</subfield>
    <subfield code="d">2008-08-13</subfield>
    <subfield code="l">0</subfield>
    <subfield code="o">005.43 S782</subfield>
    <subfield code="p">12853</subfield>
    <subfield code="r">2025-02-07 12:40:44</subfield>
    <subfield code="t">1</subfield>
    <subfield code="w">2025-02-07</subfield>
    <subfield code="y">BOOK</subfield>
  </datafield>
  <datafield tag="952" ind1=" " ind2=" ">
    <subfield code="0">0</subfield>
    <subfield code="1">0</subfield>
    <subfield code="2">ddc</subfield>
    <subfield code="4">0</subfield>
    <subfield code="7">0</subfield>
    <subfield code="a">SEACOMEC</subfield>
    <subfield code="b">SEACOMEC</subfield>
    <subfield code="d">2008-08-13</subfield>
    <subfield code="l">0</subfield>
    <subfield code="o">005.43 S782</subfield>
    <subfield code="p">12854</subfield>
    <subfield code="r">2025-02-07 12:40:44</subfield>
    <subfield code="t">2</subfield>
    <subfield code="w">2025-02-07</subfield>
    <subfield code="y">BOOK</subfield>
  </datafield>
  <datafield tag="952" ind1=" " ind2=" ">
    <subfield code="0">0</subfield>
    <subfield code="1">0</subfield>
    <subfield code="2">ddc</subfield>
    <subfield code="4">0</subfield>
    <subfield code="7">0</subfield>
    <subfield code="a">SEACOMEC</subfield>
    <subfield code="b">SEACOMEC</subfield>
    <subfield code="d">2008-08-13</subfield>
    <subfield code="l">0</subfield>
    <subfield code="o">005.43 S782</subfield>
    <subfield code="p">12855</subfield>
    <subfield code="r">2025-02-07 12:40:44</subfield>
    <subfield code="t">3</subfield>
    <subfield code="w">2025-02-07</subfield>
    <subfield code="y">BOOK</subfield>
  </datafield>
  <datafield tag="952" ind1=" " ind2=" ">
    <subfield code="0">0</subfield>
    <subfield code="1">0</subfield>
    <subfield code="2">ddc</subfield>
    <subfield code="4">0</subfield>
    <subfield code="7">0</subfield>
    <subfield code="a">SEACOMEC</subfield>
    <subfield code="b">SEACOMEC</subfield>
    <subfield code="d">2008-08-13</subfield>
    <subfield code="l">0</subfield>
    <subfield code="o">005.43 S782</subfield>
    <subfield code="p">12856</subfield>
    <subfield code="r">2025-02-07 12:40:44</subfield>
    <subfield code="t">4</subfield>
    <subfield code="w">2025-02-07</subfield>
    <subfield code="y">BOOK</subfield>
  </datafield>
  <datafield tag="952" ind1=" " ind2=" ">
    <subfield code="0">0</subfield>
    <subfield code="1">0</subfield>
    <subfield code="2">ddc</subfield>
    <subfield code="4">0</subfield>
    <subfield code="7">0</subfield>
    <subfield code="a">SEACOMEC</subfield>
    <subfield code="b">SEACOMEC</subfield>
    <subfield code="d">2008-08-13</subfield>
    <subfield code="l">0</subfield>
    <subfield code="o">005.43 S782</subfield>
    <subfield code="p">12857</subfield>
    <subfield code="r">2025-02-07 12:40:44</subfield>
    <subfield code="t">5</subfield>
    <subfield code="w">2025-02-07</subfield>
    <subfield code="y">BOOK</subfield>
  </datafield>
  <datafield tag="952" ind1=" " ind2=" ">
    <subfield code="0">0</subfield>
    <subfield code="1">0</subfield>
    <subfield code="2">ddc</subfield>
    <subfield code="4">0</subfield>
    <subfield code="7">0</subfield>
    <subfield code="a">SEACOMEC</subfield>
    <subfield code="b">SEACOMEC</subfield>
    <subfield code="d">2008-08-13</subfield>
    <subfield code="l">0</subfield>
    <subfield code="o">005.43 S782</subfield>
    <subfield code="p">12858</subfield>
    <subfield code="r">2025-02-07 12:40:44</subfield>
    <subfield code="t">6</subfield>
    <subfield code="w">2025-02-07</subfield>
    <subfield code="y">BOOK</subfield>
  </datafield>
  <datafield tag="952" ind1=" " ind2=" ">
    <subfield code="0">0</subfield>
    <subfield code="1">0</subfield>
    <subfield code="2">ddc</subfield>
    <subfield code="4">0</subfield>
    <subfield code="7">0</subfield>
    <subfield code="a">SEACOMEC</subfield>
    <subfield code="b">SEACOMEC</subfield>
    <subfield code="d">2008-08-13</subfield>
    <subfield code="l">0</subfield>
    <subfield code="o">005.43 S782</subfield>
    <subfield code="p">12859</subfield>
    <subfield code="r">2025-02-07 12:40:44</subfield>
    <subfield code="t">7</subfield>
    <subfield code="w">2025-02-07</subfield>
    <subfield code="y">BOOK</subfield>
  </datafield>
  <datafield tag="952" ind1=" " ind2=" ">
    <subfield code="0">0</subfield>
    <subfield code="1">0</subfield>
    <subfield code="2">ddc</subfield>
    <subfield code="4">0</subfield>
    <subfield code="7">0</subfield>
    <subfield code="a">SEACOMEC</subfield>
    <subfield code="b">SEACOMEC</subfield>
    <subfield code="d">2008-08-13</subfield>
    <subfield code="l">0</subfield>
    <subfield code="o">005.43 S782</subfield>
    <subfield code="p">12860</subfield>
    <subfield code="r">2025-02-07 12:40:44</subfield>
    <subfield code="t">8</subfield>
    <subfield code="w">2025-02-07</subfield>
    <subfield code="y">BOOK</subfield>
  </datafield>
  <datafield tag="952" ind1=" " ind2=" ">
    <subfield code="0">0</subfield>
    <subfield code="1">0</subfield>
    <subfield code="2">ddc</subfield>
    <subfield code="4">0</subfield>
    <subfield code="7">0</subfield>
    <subfield code="a">SEACOMEC</subfield>
    <subfield code="b">SEACOMEC</subfield>
    <subfield code="d">2008-08-13</subfield>
    <subfield code="l">0</subfield>
    <subfield code="o">005.43 S782</subfield>
    <subfield code="p">12861</subfield>
    <subfield code="r">2025-02-07 12:40:44</subfield>
    <subfield code="t">9</subfield>
    <subfield code="w">2025-02-07</subfield>
    <subfield code="y">BOOK</subfield>
  </datafield>
  <datafield tag="952" ind1=" " ind2=" ">
    <subfield code="0">0</subfield>
    <subfield code="1">0</subfield>
    <subfield code="2">ddc</subfield>
    <subfield code="4">0</subfield>
    <subfield code="7">0</subfield>
    <subfield code="a">SEACOMEC</subfield>
    <subfield code="b">SEACOMEC</subfield>
    <subfield code="d">2008-08-13</subfield>
    <subfield code="l">0</subfield>
    <subfield code="o">005.43 S782</subfield>
    <subfield code="p">12862</subfield>
    <subfield code="r">2025-02-07 12:40:44</subfield>
    <subfield code="t">10</subfield>
    <subfield code="w">2025-02-07</subfield>
    <subfield code="y">BOOK</subfield>
  </datafield>
  <datafield tag="999" ind1=" " ind2=" ">
    <subfield code="c">478</subfield>
    <subfield code="d">478</subfield>
  </datafield>
</record>
